000
00324nam a22001457a 4500
008
230616b ||||| |||| 00| 0 eng d
020
_a
9781259969690
041
_a
eng
080
_2
FOURTH EDITION
_a
51
082
_a
51SOB
100
_a
23
101
_a
MATE
245
_a
MATH IN OUR WORLD
_c
SOBECKI.D
942
_2
udc
_c
BK
999
_c
60009
_d
60009